000 00792nam a2200181Ia 4500
008 151202s9999||||xx |||||||||||||| ||und||
082 _bPNVM-34798
100 _aपुराणिक दत्तात्रय.
245 _aसंचार एका कुंचल्याचा: आत्मचरित्र.
260 _b"मेघना प्रक ाशन, पुणे."
260 _c1982
300 _a124
600 _aपुराणिक दत्तात्रय.
630 _aसंचार एका कुंचल्याचा: आत्मचरित्र.
700 _aपुराणिक दत्तात्रय.
730 _aसंचार एका कुंचल्याचा: आत्मचरित्र.
942 _cBOOK
999 _c1300754
_d1300751